|
|
|
|
| LEADER |
00000cas a2200000 a 4500 |
| 001 |
vtls010300166 |
| 003 |
SK-MaSNL |
| 005 |
20260228162745.0 |
| 008 |
110810d19411945xo wr|p 0 b0ger |
| 040 |
|
|
|a SNK
|b slo
|c SNK
|e AACR2
|
| 041 |
0 |
|
|a ger
|
| 044 |
|
|
|a xo
|c SK
|
| 072 |
|
7 |
|a 2
|x Náboženstvo
|2 konspekt
|
| 080 |
|
|
|a 21/29-1/-9
|2 2001
|
| 245 |
0 |
0 |
|a Kirchenblatt
|b Wochenzeitung für die katolischen Deutschen in der Slowakei
|
| 260 |
|
|
|a Handlová
|b [s.n.]
|c 1941-1945
|
| 300 |
|
|
|a 5 zv.
|c 32 cm
|
| 310 |
|
|
|a 1x týždenne
|
| 362 |
0 |
|
|a Jg. I, Nr. 1 (194[1])-jg. V, nr. 10 (1945)
|
| 500 |
|
|
|a Tlač.: Concordia, Bratislava
|
| 610 |
2 |
7 |
|a Katolícka cirkev
|2 SNKKA
|9 206702
|
| 650 |
0 |
7 |
|a náboženstvo
|2 SNKPH
|9 2023
|
| 655 |
|
7 |
|a náboženské časopisy
|2 SNKPH
|9 70790
|
| 910 |
|
|
|a snk
|
| 916 |
|
|
|a 1941-1944
|
| 958 |
|
|
|a OND
|
| 999 |
|
|
|c 8300
|d 10230
|
| 952 |
|
|
|0 0
|1 0
|4 0
|7 0
|8 1
|a SNK
|b SNK
|d 2014-08-15
|f 1
|i snkČSD 140/57
|l 0
|o snkČSB 916/1/1941
|p 17A0706509
|r 2026-02-21 21:44:09
|t č. 1-52, neúpl.
|w 2026-02-21
|y PREZ
|z chýba č. 39-40,42,44-45,51
|
| 952 |
|
|
|0 0
|1 0
|4 0
|7 0
|8 1
|a SNK
|b SNK
|d 2014-08-15
|f 1
|i snkČSD 141/57
|l 0
|o snkČSB 916/2/1942
|p 17A0706524
|r 2026-02-21 21:44:09
|t č. 1-52, neúpl.
|w 2026-02-21
|y PREZ
|z chýba č. 9,26,32,39
|
| 952 |
|
|
|0 0
|1 0
|4 0
|7 0
|8 1
|a SNK
|b SNK
|d 2014-08-15
|f 1
|i snkČSD 142/57
|l 0
|o snkČSB 916/3/1943
|p 17A0706508
|r 2026-02-21 21:44:10
|t č. 1-49, neúpl.
|w 2026-02-21
|y PREZ
|z chýba č. 9-10,31,37,44-46,49
|
| 952 |
|
|
|0 0
|1 0
|4 0
|7 0
|8 5
|a SNK
|b SNK
|d 2014-08-15
|f 1
|i snkXI 2148/55
|l 0
|o snkČSB 916/4/1944
|p 17A0706528
|r 2026-02-21 21:44:10
|t č. 1-52
|w 2026-02-21
|y PREZ
|
| 952 |
|
|
|0 0
|1 0
|4 0
|7 0
|8 5
|a SNK
|b SNK
|d 2016-09-29
|i snkF 1850/80
|l 0
|o snkČSB 916/2/1942 D1
|p 17A1150926
|r 2026-02-21 22:10:24
|t č. 1-52
|w 2026-02-21
|y PREZ
|